000 00620nam a2200277Ia 4500
005 20260324150258.0
008 008 260324s9999 xx 000 0 eng d
020 _a9781003610878
037 _aEBOOK
040 _aCRL
040 _beng
040 _cCRL
041 _2eng
041 _aeng
084 _qCRL
100 _aJ. M. Hussey
_91225884
245 4 _aThe Byzantine World
260 _bTaylor and Francis
260 _c1970
365 _a
365 _b115
856 _uhttp://www.taylorfrancis.com/books/9781003610878
942 _cEBOOK
999 _c1835050
_d1835050